| 000 | 00782nab a2200217 uc4500 | ||
|---|---|---|---|
| 001 | 201342 | ||
| 005 | 20240403090726.0 | ||
| 008 | 980609e19960901 spa | ||
| 035 | _a201342 | ||
| 035 | _a(OCoLC)819762998 | ||
| 040 | _ccomduadb | ||
| 041 | _aspa | ||
| 100 | 1 | 0 |
_aDarcy de Oliveira, Miguel _4aut _eaut _9288469 |
| 245 | 1 | 0 | _aHacia una nueva sociedad civil global. "Ni principe ni mercader: ciudadano" |
| 650 | 7 |
_aParticipación ciudadana _zMedellín (Colombia) _2lemb _9207315 |
|
| 650 | 7 |
_aSociedad civil _2lemb _910298 |
|
| 650 | 7 |
_aGlobalización _xAspectos económicos _2embne _9150273 |
|
| 700 | 1 | 0 |
_aTandom, Rajesh _4aut _eaut _9288470 |
| 773 | 0 |
_tPerfiles Liberales (México) _gVol. 10, No. 49, Sep-Oct. 1996, p. 64-67 _w171486 _z0121389X _0179434 |
|
| 942 | _cARIMP | ||
| 999 |
_c82322 _d82322 |
||